[Event "Magistral Endesa Norma MI 2009"]
[Site "Espacio Endesa"]
[Date "2009-10-20"]
[Round "4"]
[White "Pollio, Carlos"]
[Black "Mendez, Ernesto"]
[Result "0-1"]
[WhiteElo "1977"]
[BlackElo "2363"]

 1.d4 c5 2.d5 Nf6 3.Nc3 e5 4.e4 d6 5.f4 Bg4 6.Be2 Bxe2 7.Qxe2 Nbd7 8.Nf3 Be7 9.fxe5 Nxe5 10.Qb5+ Qd7 11.Nxe5 dxe5 12.Qxd7+ Kxd7 13.O-O Rhf8 14.Rf5 g6 15.Rf1 Ng8 16.Be3 Bd6 17.g4 f6 18.Rf3 b6 19.Raf1 Rf7 20.Kg2 Rb8 21.Ne2 b5 22.Rh3 c4 23.Ng3 Rbf8 24.b3 Rc8 25.g5 cxb3 26.cxb3 Rc2+ 27.Rf2 Rxf2+ 28.Bxf2 fxg5 29.Ne2 Nf6 30.Nc3 a6 31.Bg1 g4 32.Rd3 h5 33.Be3 h4 34.Bg5 Nh5 35.Ne2 h3+

[Event "Magistral Endesa Norma MI 2009"]
[Site "Espacio Endesa"]
[Date "2009-10-20"]
[Round "9"]
[White "Duarte, Leonardo"]
[Black "Valiente, Cristobal"]
[Result "0-1"]
[WhiteElo "2366"]
[BlackElo "2247"]

 1.e4 g6 2.d4 Bg7 3.Nf3 d6 4.Nc3 Nf6 5.Be2 O-O 6.h3 b6 7.O-O Bb7 8.d5 c6 9.a4 Nbd7 10.Re1 Nc5 11.Bc4 e6 12.dxe6 Nxe6 13.Bxe6 fxe6 14.e5 dxe5 15.Qe2 Nd5 16.Ne4 Qc7 17.c3 Rae8 18.a5 bxa5 19.Nc5 Bc8 20.Nxe5 Rf5 21.Ned3 e5 22.Ra4 Qb6 23.c4 Nc7 24.Be3 e4 25.Nf4 Rxc5 26.Qd2 Na6 27.Qd6 Bf8 28.Qf6 Rf5 29.Qc3 Bc5 30.g4

[Event "Magistral Endesa Norma MI 2009"]
[Site "Espacio Endesa"]
[Date "2009-10-20"]
[Round "7"]
[White "Valiente, Cristobal"]
[Black "Diaz Villagran, Robert"]
[Result "1/2-1/2"]
[WhiteElo "2247"]
[BlackElo "2281"]

 1.c4 Nf6 2.g3 g6 3.Bg2 Bg7 4.Nf3 O-O 5.O-O d6 6.Nc3 e5 7.d3 Re8 8.e4 c6 9.Rb1 h6 10.Ne1 a6 11.Nc2 b5 12.h3 Nbd7 13.b3 Rb8 14.Bb2 Nf8 15.f4 Nh5 16.Ne2 Bb7 17.Kh2 d5 18.cxd5 cxd5 19.fxe5 dxe4 20.d4 f5 21.g4 f4 22.Nxf4 Nxf4 23.Rxf4 Ne6 24.Rf1 Ng5 25.Ba3 Rc8 26.Bd6 Nf7 27.Rxf7 Kxf7 28.Qd2 Rxe5 29.Qf4+ Kg8 30.dxe5 Rxc2 31.Rc1 g5 32.Qe3 Rxc1 33.Qxc1 Qb6 34.Kg3 Qd4 35.Qc7 Bd5 36.Qc8+ Kh7 37.Qf5+ Kh8 38.Qc8+ Bg8 39.Qf5 e3 40.Qe4 Qd2 41.Bc5 Qf2+ 42.Kh2 Qf4+ 43.Kg1 Qf2+ 44.Kh2 Qf4+ 45.Kg1 e2 46.Qxf4 e1=Q+ 47.Qf1 Qc3 48.Bd6 Bxe5 49.Bxe5+ Qxe5 50.Qf2 b4 51.Qb6 Qe1+ 52.Kh2 Qe5+ 53.Kg1

[Event "Magistral Endesa Norma MI 2009"]
[Site "Espacio Endesa"]
[Date "2009-10-20"]
[Round "7"]
[White "Mendez, Ernesto"]
[Black "Dumas Aviles, Alejandro"]
[Result "1-0"]
[WhiteElo "2363"]
[BlackElo "2349"]

 1.d4 d5 2.c4 e6 3.Nc3 c5 4.cxd5 exd5 5.Nf3 Nc6 6.g3 Nf6 7.Bg2 Be7 8.O-O O-O 9.Bg5 c4 10.Ne5 Be6 11.f4 Ng4 12.Nxg4 Bxg4 13.Bxe7 Qxe7 14.Qd2 Rad8 15.f5 f6 16.Rf4 Bh5 17.Bxd5+ Bf7 18.Re4 Qb4 19.Be6 Rd6 20.Bxf7+ Kxf7 21.Rd1 Rfd8 22.e3 Qa5 23.Rf1 b5 24.Qe2 Kg8 25.Qh5 Rf8 26.Rh4 h6 27.Rg4 Kh8 28.Rxg7

[Event "Magistral Endesa Norma MI 2009"]
[Site "Espacio Endesa"]
[Date "2009-10-20"]
[Round "7"]
[White "Duarte, Leonardo"]
[Black "Arancibia Guzman, Eduardo"]
[Result "1-0"]
[WhiteElo "2366"]
[BlackElo "2391"]

 1.e4 c5 2.Nf3 e6 3.d4 cxd4 4.Nxd4 a6 5.Bd3 Bc5 6.Nb3 Be7 7.Nc3 d6 8.Be3 Qc7 9.f4 Nf6 10.Qf3 b5 11.g4 Bb7 12.g5 Nfd7 13.O-O-O Nc5 14.Kb1 Nbd7 15.f5 Ne5 16.Qh3 exf5 17.Qxf5 g6 18.Qf4 Nxb3 19.axb3 O-O 20.h4 b4 21.Na4 f5 22.gxf6 Rxf6 23.Qg3 Rf3 24.Qg1 h5 25.Nb6 Raf8 26.Nd5 Bxd5 27.exd5 Kh7 28.Be4 R3f7 29.Qe1 Ng4 30.Rg1 Qd7 31.Bc1 a5 32.Qd2 Rg7 33.Rg2 Kg8 34.Qd3 Nf2 35.Rxf2 Rxf2 36.Be3 Bxh4 37.Bxf2 Bxf2 38.Rf1 Rf7 39.Bxg6 Rf6 40.Bxh5 Qg7 41.Qe2 Bh4 42.Rh1 Qg5 43.Bg4 Kg7 44.Be6 Rf4 45.Qa6 Qe5 46.Qb7+ Kg6 47.Qd7 Rf8 48.Ka2 Qf4 49.Bh3 Qg3 50.Bf1 Rf7 51.Bd3+ Kg7 52.Qe6 Rf6 53.Qe7+ Kg8 54.Qh7+

[Event "Magistral Endesa Norma MI 2009"]
[Site "Espacio Endesa"]
[Date "2009-10-20"]
[Round "7"]
[White "Cuevas Araya, Walter"]
[Black "Valdés Escobar, Álvaro Daniel"]
[Result "0-1"]
[WhiteElo "2238"]
[BlackElo "2355"]

 1.e4 c5 2.Nf3 d6 3.Bb5+ Nd7 4.O-O a6 5.Bxd7+ Bxd7 6.d4 cxd4 7.Nxd4 Nf6 8.Nc3 e5 9.Nf5 Bxf5 10.exf5 h6 11.f4 Be7 12.Qf3 Qc7 13.Be3 O-O 14.Rae1 Rfe8 15.fxe5 dxe5 16.Qg3 Kh7 17.Kh1 b5 18.Bg1 b4 19.Ne4 Qxc2 20.Qxe5 Bd8 21.Nxf6+ Bxf6 22.Qd5 Rxe1 23.Rxe1 Rd8 24.Qxf7 Qxf5 25.Qc4 a5 26.a3 Rc8 27.Qa6 Bxb2 28.axb4 axb4 29.Rf1 Qd7 30.Qe2 Bc3 31.Qe4+ Kh8 32.Be3 Qe8 33.Qf5 b3 34.Bc5 b2 35.Ba3 Bf6 36.Qb1 Qe2 37.Re1 Qxe1+ 38.Qxe1 Ra8 39.Bxb2 Bxb2 40.Qb1 Ra1 41.Qxa1 Bxa1 42.Kg1 Kh7 43.Kh1 Kg6 44.Kg1 Kf5 45.Kh1 Ke4 46.Kg1 Ke3 47.Kh1 Kf2 48.h3 Be5 49.h4 Kg3 50.h5 Kg4 51.Kg1 Kxh5 52.Kh1 Kg4 53.Kg1 Kg3 54.Kh1 g5 55.Kg1 g4 56.Kh1 h5 57.Kg1 h4 58.Kh1 h3 59.gxh3 Kxh3 60.Kg1 g3

[Event "Magistral Endesa Norma MI 2009"]
[Site "Espacio Endesa"]
[Date "2009-10-20"]
[Round "7"]
[White "Valenzuela Fuentealba, Luis"]
[Black "Pollio, Carlos"]
[Result "1-0"]
[WhiteElo "2477"]
[BlackElo "1977"]

 1.d4 d5 2.Nf3 Nf6 3.c4 c6 4.Nc3 g6 5.cxd5 cxd5 6.Bf4 Bg7 7.e3 O-O 8.Bd3 b6 9.O-O Ba6 10.Bxa6 Nxa6 11.Qa4 Nc7 12.Rac1 Nce8 13.Qa6 Nd6 14.Bxd6 Qxd6 15.a3 Qd7 16.Nb5 Qf5 17.Nc7 Rab8 18.Ne5 Qc8 19.Qxc8 Rbxc8 20.Na6 Ne4 21.Nc6 Bf6 22.Nab4 e6 23.Nxa7 Ra8 24.Rc7 Nd2 25.Rfc1 Nc4 26.Rc2 Kg7 27.g3 h5 28.Nac6 h4 29.Kg2 hxg3 30.hxg3 Nd6 31.Nd3 Rfc8 32.Nce5 Rxc7 33.Rxc7 Rf8 34.Rc6

[Event "Magistral Endesa Norma MI 2009"]
[Site "Espacio Endesa"]
[Date "2009-10-21"]
[Round "8"]
[White "Diaz Villagran, Robert"]
[Black "Pollio, Carlos"]
[Result "1-0"]
[WhiteElo "2281"]
[BlackElo "1977"]

 1.e4 c5 2.Nf3 Nc6 3.d3 e6 4.Nbd2 Be7 5.g3 Nf6 6.Bg2 b6 7.O-O Bb7 8.c3 d6 9.Re1 Qc7 10.a3 a5 11.d4 e5 12.d5 Nb8 13.a4 Nbd7 14.Nc4 h6 15.Nfd2 g5 16.Ne3 h5 17.h3 Nf8 18.Ndc4 Ba6 19.Qb3 Rb8 20.Nf5 Rg8 21.Rd1 N6d7 22.Bf1 Bc8 23.Na3 c4 24.Nb5 cxb3 25.Nxc7+ Kd8 26.Nb5 Rg6 27.Na7 Bb7 28.Be3 Nc5 29.Bxc5 bxc5 30.Ra3 c4 31.Bxc4 Nd7 32.Rxb3 Bf8 33.Nc6+ Bxc6 34.dxc6 Rxb3 35.Bxb3 Nc5 36.Bxf7 Rf6 37.Bd5 Nxa4 38.Ra1

[Event "Magistral Endesa Norma MI 2009"]
[Site "Espacio Endesa"]
[Date "2009-10-21"]
[Round "8"]
[White "Valdés Escobar, Álvaro Daniel"]
[Black "Valenzuela Fuentealba, Luis"]
[Result "1/2-1/2"]
[WhiteElo "2355"]
[BlackElo "2477"]

 1.c4 c6 2.e4 d5 3.exd5 cxd5 4.d4 Nf6 5.Nc3 g6 6.cxd5 Bg7 7.Bc4 O-O 8.Nge2 Na6 9.O-O Nc7 10.Nf4 b6 11.Re1 Bb7 12.Qb3 Qd6 13.a4 a6 14.Qa3 Rfe8 15.Qxd6 exd6 16.Bd2 g5 17.Nfe2 Ncxd5 18.Bxg5 Rac8 19.Bd3 h6 20.Bd2 Nb4 21.Bf5 Rcd8 22.Nf4 Nc6 23.Be3 Na5 24.Bd3 Rc8 25.Rad1 Kf8 26.h3 Rc7 27.Nfe2 Nc4 28.Bc1 Ne4 29.Nxe4 Bxe4 30.Nc3 Bb7 31.Rxe8+ Kxe8 32.Be4 Bxe4 33.Nxe4 Kd7 34.Ng3 Bf8 35.Nf5 d5 36.b3 Nd6 37.Nxd6 Bxd6 38.Bxh6 Rc3 39.Rb1 f5 40.Kf1 f4 41.Ke2 Ke6 42.Bg7 Rc2+ 43.Kf3 Kf5 44.Be5 Bxe5 45.dxe5 Rc3+ 46.Ke2 Rc2+ 47.Kf3 Rc3+ 48.Ke2 Rc2+

[Event "Magistral Endesa Norma MI 2009"]
[Site "Espacio Endesa"]
[Date "2009-10-21"]
[Round "8"]
[White "Arancibia Guzman, Eduardo"]
[Black "Cuevas Araya, Walter"]
[Result "1-0"]
[WhiteElo "2391"]
[BlackElo "2238"]

 1.e4 c6 2.d3 d5 3.Nd2 e5 4.Ngf3 Bd6 5.d4 exd4 6.exd5 cxd5 7.Nb3 Nc6 8.Nbxd4 Nge7 9.Be2 O-O 10.O-O Bg4 11.h3 Bh5 12.c3 Re8 13.Be3 Rc8 14.Qd2 Nxd4 15.Nxd4 Bxe2 16.Qxe2 Nc6 17.Qb5 Bb8 18.Rfe1 Qd6 19.Nf3 Ne5 20.Nxe5 Qxe5 21.g3 h6 22.Bd2 a6 23.Rxe5 axb5 24.Rxd5 b4 25.Kf1 bxc3 26.Bxc3 Re6 27.Rad1 Rce8 28.Rd8 Bc7 29.Rxe8+ Rxe8 30.Rd7 Rc8 31.Kg2 b5 32.Kf3 Bb6 33.Rd5 Rc5 34.Rxc5 Bxc5 35.Bd2 f5 36.Be3 Bd6 37.b3 Kf7 38.a4 bxa4 39.bxa4 Bc7 40.Bd2 Ke6 41.a5 Kd5 42.a6 Kc6 43.a7 Kb7 44.Be3 g5 45.g4 fxg4+ 46.hxg4 Bh2 47.Ke4

[Event "Magistral Endesa Norma MI 2009"]
[Site "Espacio Endesa"]
[Date "2009-10-21"]
[Round "8"]
[White "Dumas Aviles, Alejandro"]
[Black "Duarte, Leonardo"]
[Result "0-1"]
[WhiteElo "2349"]
[BlackElo "2366"]

 1.e4 c5 2.Nf3 e6 3.d4 cxd4 4.Nxd4 Nc6 5.Nb5 d6 6.c4 Nf6 7.N1c3 a6 8.Na3 Be7 9.Be2 b6 10.Be3 Nb8 11.O-O Bb7 12.f3 Nbd7 13.Qd4 O-O 14.Rfd1 Rc8 15.Rac1 Qc7 16.Kh1 Qb8 17.Nc2 Rfe8 18.Na1 d5 19.exd5 Bc5 20.Qd2 Bxe3 21.Qxe3 exd5 22.Qd4 dxc4 23.Bxc4 Ne5 24.Bf1 Nxf3 25.gxf3 Bxf3+ 26.Kg1 Red8

[Event "Magistral Endesa Norma MI 2009"]
[Site "Espacio Endesa"]
[Date "2009-10-22"]
[Round "9"]
[White "Mendez, Ernesto"]
[Black "Diaz Villagran, Robert"]
[Result "1-0"]
[WhiteElo "2363"]
[BlackElo "2281"]

 1.d4 Nf6 2.c4 d6 3.Nc3 e5 4.Nf3 Nbd7 5.Bg5 Be7 6.e3 O-O 7.Qc2 c6 8.O-O-O h6 9.Bh4 Nh5 10.Bxe7 Qxe7 11.g4 Nhf6 12.g5 hxg5 13.Nxg5 Re8 14.h4 Nf8 15.Be2 e4 16.Rdg1 Bf5 17.Rg3 a6 18.Rhg1 g6 19.h5 b5 20.hxg6 fxg6 21.Qd1 bxc4 22.Bxc4+ d5 23.Bb3 a5 24.Rh1 Reb8 25.Rh6 Ne6 26.Nxe6 Qxe6 27.Qg1 Qf7 28.Rg5 Kg7 29.Rxf5 Kxh6 30.Qg5+ Kg7 31.Nxe4 Nxe4 32.Rxf7+ Kxf7 33.Bxd5+ cxd5 34.Qxd5+ Kg7 35.Qxe4 Rf8 36.Qe5+ Kh6 37.f4 Rae8 38.Qg5+ Kg7 39.Kd2 Rf5 40.Qg2 Rb5 41.Kd3 Rf5 42.b3 Rh8 43.Qb7+ Kh6 44.d5 Rh5 45.Qf7 Rh1 46.e4 a4 47.bxa4 Rg1 48.Kd4 Ra8 49.Qd7 Rb1 50.a3 Rb3 51.Qc6 Rab8 52.a5 Kh5 53.Qf6 Rg3 54.Qe5+

[Event "Magistral Endesa Norma MI 2009"]
[Site "Espacio Endesa"]
[Date "2009-10-22"]
[Round "9"]
[White "Cuevas Araya, Walter"]
[Black "Dumas Aviles, Alejandro"]
[Result "1-0"]
[WhiteElo "2238"]
[BlackElo "2349"]

 1.d4 Nf6 2.c4 g6 3.Nc3 Bg7 4.e4 d6 5.f4 O-O 6.Nf3 Bg4 7.Be2 Bxf3 8.Bxf3 e5 9.fxe5 dxe5 10.d5 Nfd7 11.O-O a5 12.Bg4 Nc5 13.Be3 Nba6 14.Qe2 b6 15.Rad1 Kh8 16.Rf3 f6 17.Rdf1 Qe8 18.Rh3 Rf7 19.Rhf3 Rf8 20.Bc1 Rd8 21.h4 f5 22.Bh3 f4 23.g3 Qe7 24.h5 g5 25.Bf5 Rde8 26.g4 Rxf5 27.gxf5 g4 28.R3f2 Qg5 29.Rg2 g3 30.Rd1 Bf8 31.Kf1 Nd7 32.Rd3 Qh4 33.Ke1 Nf6 34.Kd1 Qh1+ 35.Kd2 Nc5 36.Rf3 Qxh5 37.Kc2 Ncxe4 38.Nxe4 Qxf5 39.Kd3 Nd7 40.Kd2 Bb4+ 41.Kd1 Qh3 42.Ng5 Qh5 43.Rxf4 Qh1+ 44.Rf1

[Event "Magistral Endesa Norma MI 2009"]
[Site "Espacio Endesa"]
[Date "2009-10-22"]
[Round "9"]
[White "Valenzuela Fuentealba, Luis"]
[Black "Arancibia Guzman, Eduardo"]
[Result "1-0"]
[WhiteElo "2477"]
[BlackElo "2391"]

 1.d4 Nf6 2.Nf3 g6 3.c4 Bg7 4.Nc3 O-O 5.e4 d6 6.Be2 e5 7.d5 a5 8.Bg5 h6 9.Bh4 Na6 10.Nd2 Qe8 11.a3 Bd7 12.b3 Nh7 13.O-O h5 14.f3 Bf6 15.Bf2 Qe7 16.Rb1 Bh4 17.b4 Bxf2+ 18.Rxf2 axb4 19.axb4 h4 20.Qc2 Nf6 21.Nd1 Nh5 22.c5 Nf4 23.Bxa6 bxa6 24.c6 Bc8 25.Nc3 Qg5 26.Kh1 Kg7 27.Nc4 Rh8 28.Qd2 Qe7 29.Qe3 Nh5 30.Ra2 Ng3+ 31.Kg1 Nh5 32.b5 Nf4 33.b6 cxb6 34.Nxb6 Rb8 35.Rab2 Qg5 36.Kh1 a5 37.Nb5 Ba6 38.Nxd6 Bd3 39.Rd1 Rxb6 40.Qxb6 h3 41.g3 Be2 42.Rxe2 Nxe2 43.Qf2

[Event "Magistral Endesa Norma MI 2009"]
[Site "Espacio Endesa"]
[Date "2009-10-22"]
[Round "4"]
[White "Valdés Escobar, Álvaro Daniel"]
[Black "Valiente, Cristobal"]
[Result "1/2-1/2"]
[WhiteElo "2355"]
[BlackElo "2247"]

 1.e4 c5 2.Nf3 e6 3.d4 cxd4 4.Nxd4 a6 5.c4 Qc7 6.a3 Nf6 7.Nc3 Be7 8.Be2 O-O 9.O-O d6 10.Be3 b6 11.Rc1 Bb7 12.f3 Nbd7 13.Qd2 Rac8 14.Rfd1 Qb8 15.b4 Bd8 16.Kh1 Re8 17.Nb3 Bc7 18.Bf4 Ne5 19.Qe1 Nh5 20.Bxe5 dxe5 21.c5 b5 22.a4 bxa4 23.Nxa4 Bc6 24.Ra1 Bb5 25.Nc3 Bxe2 26.Nxe2 Qb5 27.Na5 Red8 28.Rxd8+ Rxd8 29.Nc3 Qd3 30.Rd1 Qc2 31.Rxd8+ Bxd8 32.Nc4 Bc7 33.Ne3 Qb3 34.Ncd1 Nf4 35.Qc3 Qb1 36.Qb2 Qd3 37.g3 Ne2 38.Qc2 Qb5 39.Qc4 Qxc4 40.Nxc4 Nd4 41.Nc3 Kf8 42.Kg2 Ke7 43.Nb2 Kd7 44.Nd3 Kc6 45.f4 exf4 46.gxf4 a5 47.bxa5 Bxa5 48.Nd1 Bc7 49.Ne3 Nb3 50.Nc4 f6 51.h4 Nxc5 52.Nxc5 Kxc5